Score 0/10 Timer 04:00
0 Plays Today
% Correct
George W. Bush
97.7%
Bill Clinton
97.2%
John Adams
91.6%
John F. Kennedy
85.8%
Barack Obama
85.6%
Ronald Reagan
85.1%
George Washington
83.7%
Herbert Hoover
65.9%
Woodrow Wilson
60.5%
Millard Fillmore
38.4%
Remove Ads.
Support Sporcle.
Get the best of Sporcle when you Go Orange. This ad-free experience offers more features, more stats, and more fun while also helping to support Sporcle. Thank you for becoming a member.

You're not logged in!

Compare scores with friends on all Sporcle quizzes.
OR
Log In

Show Comments

Extras

Top Quizzes Today


Score Distribution

Your Account Isn't Verified!

In order to create a playlist on Sporcle, you need to verify the email address you used during registration. Go to your Sporcle Settings to finish the process.

Report this User

Report this user for behavior that violates our Community Guidelines.

Details: